[Event "Detroit (MI Op/4/16)"]
[Site "?"]
[Date "1990.??.??"]
[Round "?"]
[White "El-murr, Toni"]
[Black "Wilson, Vester"]
[Result "1-0"]
[WhiteElo "1940"]
[BlackElo "2140"]
[PlyCount "90"]
[EventDate "1990.??.??"]

{4/(16)} 1. d4 d5 2. c4 dxc4 3. g3 a6 4. Bg2 c6 5. Nf3 b5 6. O-O e6 7. Re1 Bb7
8. Nc3 Nd7 9. e4 Nb6 10. a3 Be7 11. Be3 Nf6 12. Qe2 O-O 13. Rad1 Rc8 14. Ne5
Nfd7 15. f4 Qc7 16. f5 c5 17. Nxf7 exf5 18. Bf4 Qc6 19. d5 Qf6 20. e5 Qg6 21.
e6 Nf6 22. d6 Bxg2 23. dxe7 Be4 24. exf8=Q+ Rxf8 25. Nxe4 fxe4 26. Rd8 Nbd5 27.
Rxf8+ Kxf8 28. Bd6+ Kg8 29. Bxc5 Qf5 30. Nd8 Nc7 31. Qf2 Qd5 32. e7 h5 33. Bd4
Nce8 34. Bxf6 gxf6 35. Qe3 Kg7 36. Qxe4 Qxe4 37. Rxe4 f5 38. Re6 a5 39. Re5 Kf6
40. Rxb5 Kxe7 41. Rxa5 Kxd8 42. Rxf5 Kd7 43. Rxh5 Ke6 44. Rh8 Nc7 45. h4 Nb5
1-0

[Event "Detroit (MI Op/2/42)"]
[Site "?"]
[Date "1990.??.??"]
[Round "?"]
[White "El-murr, Toni"]
[Black "Smith, Mike A"]
[Result "1-0"]
[WhiteElo "1940"]
[BlackElo "1795"]
[PlyCount "88"]
[EventDate "1990.??.??"]

{2/(42)} 1. d4 Nf6 2. Nf3 c5 3. d5 g6 4. c4 b5 5. cxb5 a6 6. Nc3 Bg7 7. g3 axb5
8. Bg2 b4 9. Nb1 d6 10. O-O Bb7 11. Ne1 Nbd7 12. Nc2 Nb6 13. e4 O-O 14. Re1
Nfd7 15. Ne3 Ne5 16. Qb3 Qd7 17. Rd1 Ra4 18. Qc2 c4 19. Nd2 b3 20. Qb1 Rfa8 21.
a3 Ba6 22. Bf1 Qc8 23. Kg2 h5 24. h3 g5 25. Be2 g4 26. h4 Qd7 27. Re1 Qc7 28.
Nf5 Bf6 29. Nh6+ Kg7 30. Nf5+ Kg8 31. Nf1 Nbd7 32. Bd2 Nc5 33. Rc1 Ned3 34.
Bxd3 Nxd3 35. Qxd3 Bxb2 36. Qe3 Bxa1 37. Qg5+ Kf8 38. Rxa1 Ke8 39. Qg8+ Kd7 40.
Qxa8 c3 41. Qc6+ Qxc6 42. dxc6+ Kxc6 43. Bxc3 Rxe4 44. N1e3 e6 {[Remainder
illegible; 1-0, 51?]} 1-0

[Event "Detroit (MI Op/6/15)"]
[Site "?"]
[Date "1990.??.??"]
[Round "?"]
[White "El-murr, Toni"]
[Black "Moody, David"]
[Result "1-0"]
[WhiteElo "1940"]
[BlackElo "2105"]
[PlyCount "43"]
[EventDate "1990.??.??"]

{6/(15)} 1. d4 Nf6 2. c4 c5 3. d5 e6 4. Nc3 exd5 5. cxd5 d6 6. Nf3 g6 7. Bf4
Nh5 8. Bg5 Be7 9. Bh6 Bf8 10. Bxf8 Kxf8 11. g3 Bg4 12. Bg2 a6 13. Qb3 b5 14.
O-O Nd7 15. Nd1 c4 16. Qc3 Qf6 17. Qb4 Nc5 18. Ne3 Bd7 19. Qd2 Kg7 20. g4 Nf4
21. g5 Qe7 22. Qd4+ 1-0

[Event "Detroit (RVO/3)"]
[Site "?"]
[Date "1990.??.??"]
[Round "?"]
[White "Edens, Samuel"]
[Black "Steverson, Bunnard"]
[Result "0-1"]
[WhiteElo "1605"]
[BlackElo "1745"]
[PlyCount "78"]
[EventDate "1990.??.??"]

1. e4 c5 2. Nf3 d6 3. b3 Nf6 4. Nc3 Nc6 5. Bb5 Bd7 6. O-O e6 7. Bb2 Be7 8. Ne2
O-O 9. d4 Nxe4 10. dxc5 d5 11. Bxc6 Bxc6 12. Qd4 Bf6 13. Ne5 Qe7 14. b4 h6 15.
f3 Ng5 16. Nf4 g6 17. Rfe1 a6 18. a3 Kh7 19. Qd3 Bb5 20. Nfxg6 Bxd3 21. Nxe7
Bxc2 22. Rac1 Ba4 23. Nd7 Bxb2 24. Nxf8+ Rxf8 25. Rb1 Bf6 26. h4 Nxf3+ 27. gxf3
Bxe7 28. h5 Rg8+ 29. Kf1 Bb5+ 30. Kf2 Bh4+ 31. Ke3 Bxe1 32. Rxe1 Rg5 33. f4
Rxh5 34. Rg1 f6 35. Kf3 Rh3+ 36. Kg4 Rxa3 37. Kh5 Rf3 38. Rg4 Rh3+ 39. Rh4 Be2#
0-1

[Event "Detroit (RVO/5)"]
[Site "?"]
[Date "1990.??.??"]
[Round "?"]
[White "Edens, Samuel"]
[Black "Sawmiller, Tim"]
[Result "0-1"]
[WhiteElo "1605"]
[BlackElo "1605"]
[PlyCount "58"]
[EventDate "1990.??.??"]

1. e4 e5 2. Nf3 Nc6 3. Bb5 a6 4. Ba4 b5 5. Bb3 Nf6 6. Nc3 Bc5 7. d3 h6 8. O-O
O-O 9. Be3 Bxe3 10. fxe3 d6 11. d4 Re8 12. a3 Bg4 13. Qe2 exd4 14. Nd5 Rxe4 15.
Qf2 dxe3 16. Nxe3 Bxf3 17. Qxf3 Nd4 18. Qf2 Nxb3 19. cxb3 Qe7 20. Rae1 Re8 21.
Nf5 Qe5 22. Rc1 Ng4 23. Qh4 Ne3 24. Nxh6+ gxh6 25. Qxh6 Nxf1 26. Rc3 Qd4+ 27.
Kh1 Qg7 28. Qc1 Re1 29. Rg3 Nxg3# 0-1

[Event "Detroit (RVO/1)"]
[Site "?"]
[Date "1990.??.??"]
[Round "?"]
[White "Edens, Samuel"]
[Black "Collins, Charles"]
[Result "0-1"]
[WhiteElo "1605"]
[BlackElo "1845"]
[PlyCount "34"]
[EventDate "1990.??.??"]

1. e4 Nf6 2. Nc3 d6 3. Nf3 g6 4. b3 Bg7 5. Bb2 Nxe4 6. Qe2 Nxc3 7. Bxc3 Bxc3 8.
dxc3 Bf5 9. g3 Nc6 10. Bg2 Qd7 11. O-O O-O-O 12. Ng5 Rdf8 13. Bxc6 Qxc6 14.
Qxe7 Re8 15. Qxf7 h6 16. Nh7 Bh3 17. Rfe1 Qg2# 0-1

[Event "Lansing (Mini-Swiss.5/2)"]
[Site "?"]
[Date "1990.??.??"]
[Round "?"]
[White "Eck, J."]
[Black "Wolkow, M."]
[Result "1-0"]
[WhiteElo "1605"]
[BlackElo "1605"]
[PlyCount "83"]
[EventDate "1990.??.??"]

{5/(2)} 1. e4 c5 2. d4 cxd4 3. Qxd4 Nc6 4. Qd1 e6 5. Bb5 Qa5+ 6. Nc3 Nf6 7.
Bxc6 bxc6 8. Bd2 Bb4 9. Qe2 Ba6 10. Qf3 Bxc3 11. Bxc3 Qb5 12. Bxf6 Qf1+ 13. Kd2
Qxa1 14. Bxg7 Rg8 15. Bd4 Qxa2 16. Nh3 Qa5+ 17. Bc3 Qb5 18. Nf4 d5 19. exd5
cxd5 20. Nh5 Rg6 21. Re1 Bb7 22. Nf6+ Ke7 23. Re5 Rd8 24. Nxh7 Qb6 25. Qf4 Rc8
26. Bb4+ Ke8 27. Qh4 Qd8 28. Qd4 Rc4 29. Rxe6+ Rxe6 30. Qh8+ Kd7 31. Nf8+ Kc8
32. c3 Qg5+ 33. Kc2 Re2+ 34. Kb3 Qd2 35. Ne6+ Kd7 36. Qd8+ Kxe6 37. Qe7+ Kf5
38. Qxf7+ Ke4 39. Qe6+ Kf4 40. Qf6+ Kg4 41. h3+ Kh5 42. g4+ 1-0

[Event "Lansing (Apr)"]
[Site "?"]
[Date "1990.??.??"]
[Round "?"]
[White "Eck, J."]
[Black "Sells, P."]
[Result "0-1"]
[WhiteElo "1605"]
[BlackElo "1605"]
[PlyCount "110"]
[EventDate "1990.??.??"]

1. e4 e5 2. Nf3 Nc6 3. Bb5 a6 4. Ba4 Nf6 5. O-O Nxe4 6. Re1 Nc5 7. Bb3 Be7 8.
Nxe5 Nxe5 9. Rxe5 d6 10. Re1 O-O 11. d4 Nxb3 12. axb3 Bf5 13. d5 Qd7 14. Nd2
Rae8 15. Nf1 Bf6 16. c4 Rxe1 17. Qxe1 Re8 18. Qd1 Qe7 19. h3 Qe1 20. Qf3 Bc2
21. b4 Qxb4 22. Qg4 Kf8 23. Ne3 Qe1+ 24. Kh2 Qxf2 25. Nxc2 Be5+ 26. Bf4 Bxf4+
27. Kh1 Qxc2 28. Qxf4 Qxb2 29. Rf1 f6 30. Qf5 Qe2 31. Rc1 Qe4 32. Qd7 Qf4 33.
Rg1 Qxc4 34. Qf5 Qe4 35. Qd7 Qc2 36. Qg4 b5 37. Ra1 Qc3 38. Rf1 a5 39. Qf5 g6
40. Qd7 Re7 41. Qd8+ Kf7 42. Qh8 a4 43. Qxh7+ Ke8 44. Qxg6+ Rf7 45. Qf5 Kd8 46.
Qe6 Re7 47. Qg8+ Re8 48. Qf7 a3 49. Rxf6 a2 50. Rg6 a1=Q+ 51. Kh2 Qe5+ 52. Rg3
Qae1 53. Qg6 Q1xg3+ 54. Qxg3 Qxg3+ 55. Kxg3 b4 0-1

[Event "Lansing (Jan)"]
[Site "?"]
[Date "1990.??.??"]
[Round "?"]
[White "Eck, J."]
[Black "Repas, B."]
[Result "0-1"]
[WhiteElo "1605"]
[BlackElo "1605"]
[PlyCount "102"]
[EventDate "1990.??.??"]

1. e4 c5 2. Nf3 Nc6 3. d4 cxd4 4. Nxd4 d6 5. Nc3 g6 6. Bc4 Bg7 7. Nf3 Nf6 8.
Bg5 O-O 9. Qd2 Bg4 10. O-O-O Re8 11. Be2 Be6 12. Nd5 Nxe4 13. Qe3 Bxd5 14. Rxd5
Nxg5 15. Nxg5 Nb4 16. Rd2 Nxa2+ 17. Kd1 Qa5 18. Qb3 Nc3+ 19. Ke1 Qa1+ 20. Bd1
Nxd1 21. Rxd1 Qa5+ 22. Kf1 Qxg5 23. h4 Qe5 24. c3 a6 25. Rd5 Qe6 26. Qd1 h5 27.
Rh3 Rac8 28. Re3 Qg4 29. Qb3 Qc4+ 30. Qxc4 Rxc4 31. f3 Rc5 32. Rd2 b5 33. Rde2
e6 34. g4 hxg4 35. fxg4 Re5 36. Rxe5 Bxe5 37. h5 Kg7 38. Rg2 f5 39. gxf5 exf5
40. Rxg6+ Kh7 41. Rg5 f4 42. Rg6 Rg8 43. Re6 f3 44. Kf2 Rg2+ 45. Kxf3 Rxb2 46.
Ke4 Rb3 47. Kf5 Rxc3 48. Re7+ Kh6 49. Kg4 Rg3+ 50. Kh4 Bf6+ 51. Kxg3 Bxe7 0-1

[Event "Lansing (Mini-Swiss.4/1)"]
[Site "?"]
[Date "1990.??.??"]
[Round "?"]
[White "Eck, J."]
[Black "Krzyston, Joe"]
[Result "1-0"]
[WhiteElo "1605"]
[BlackElo "1605"]
[PlyCount "59"]
[EventDate "1990.??.??"]

{4/(1)} 1. e4 e5 2. Nf3 d5 3. d4 dxe4 4. Nxe5 Be6 5. Bb5+ c6 6. Bc4 Bxc4 7.
Nxc4 Nf6 8. O-O Be7 9. Re1 O-O 10. Nc3 Re8 11. Nxe4 Nd5 12. Ne5 Bf6 13. f4 Nd7
14. c4 Ne7 15. Nxd7 Qxd7 16. Nxf6+ gxf6 17. b3 Nf5 18. Qg4+ Kh8 19. Bb2 Rg8 20.
Qh3 Rg6 21. Rad1 Rh6 22. Qf3 Rg8 23. Re2 Nh4 24. Qe4 Qc8 25. d5 Qd8 26. d6 Qd7
27. Qe7 Rxg2+ 28. Rxg2 Nf3+ 29. Kf2 Qe6 30. Qf8# 1-0

[Event "Lansing (Mini-Swiss.5/1)"]
[Site "?"]
[Date "1990.??.??"]
[Round "?"]
[White "Eck, J."]
[Black "Carpenter, B."]
[Result "0-1"]
[WhiteElo "1605"]
[BlackElo "1605"]
[PlyCount "86"]
[EventDate "1990.??.??"]

{5/(1)} 1. e4 e6 2. c4 e5 3. Nf3 Nc6 4. d4 exd4 5. Nxd4 Qh4 6. Nc3 Bb4 7. Ndb5
Qxe4+ 8. Be3 Qe5 9. a3 Bxc3+ 10. bxc3 Nf6 11. Bd3 a6 12. Nd4 O-O 13. O-O Re8
14. Ra2 d6 15. Re2 Bd7 16. Qd2 Ng4 17. Bf4 Qf6 18. Bg5 Rxe2 19. Nxe2 Qe5 20.
Bf4 Qf5 21. Be3 Nxe3 22. fxe3 Re8 23. Nd4 Qg5 24. Bf5 Bxf5 25. Nxf5 g6 26. h4
Qh5 27. Nd4 Qe5 28. Re1 Nxd4 29. cxd4 Qe4 30. Qf2 Qf5 31. Qb2 Qe4 32. Qf2 Qf5
33. Qg3 Qd3 34. Qf3 Qxa3 35. Kh1 Qc3 36. Qxb7 Qxe1+ 37. Kh2 Qxh4+ 38. Kg1 Qe1+
39. Kh2 Qxe3 40. d5 Re4 41. g3 Qf2+ 42. Kh3 Qf1+ 43. Kh2 Re2# 0-1

[Event "Detroit (MCO/4/1)"]
[Site "?"]
[Date "1990.??.??"]
[Round "?"]
[White "Eagle, Chris"]
[Black "Tsemekhman, Vadim"]
[Result "0-1"]
[WhiteElo "2100"]
[BlackElo "2430"]
[PlyCount "84"]
[EventDate "1990.??.??"]

{4/(1)} 1. d4 Nf6 2. g3 g6 3. Bg2 Bg7 4. e4 d6 5. Ne2 O-O 6. O-O c6 7. c4 Nbd7
8. Nbc3 e5 9. d5 Ne8 10. b4 c5 11. Rb1 cxb4 12. Rxb4 Nc5 13. Na4 b6 14. f4 Bd7
15. Nxc5 dxc5 16. Rb1 Nd6 17. Qc2 f5 18. fxe5 Bxe5 19. Bb2 Qe7 20. Nf4 Bxb2 21.
Qxb2 fxe4 22. Rfe1 Rae8 23. Qa3 g5 24. Ne6 Bxe6 25. dxe6 Rf6 26. Bxe4 Nxe4 27.
Rxe4 Rxe6 28. Rxe6 Qxe6 29. Qd3 Qe3+ 30. Qxe3 Rxe3 31. Rd1 Ra3 32. Rd2 Kf7 33.
Kg2 g4 34. h3 h5 35. hxg4 hxg4 36. Rf2+ Ke6 37. Rf4 Rxa2+ 38. Kf1 a5 39. Rxg4
Rb2 40. Rg8 a4 41. g4 a3 42. Ra8 a2 0-1

[Event "Detroit (RVO/2)"]
[Site "?"]
[Date "1990.??.??"]
[Round "?"]
[White "Eagle, Chris"]
[Black "Steen, Harold"]
[Result "1-0"]
[WhiteElo "2100"]
[BlackElo "1815"]
[PlyCount "67"]
[EventDate "1990.??.??"]

1. d4 Nf6 2. c4 g6 3. Nc3 Bg7 4. e4 d6 5. Be2 O-O 6. Nf3 c5 7. O-O cxd4 8. Nxd4
Na6 9. a3 Nc5 10. f3 a5 11. Be3 Bd7 12. b4 axb4 13. axb4 Rxa1 14. Qxa1 Na6 15.
b5 Nc5 16. Qa7 e5 17. Nc2 b6 18. Rd1 Be6 19. Nb4 Ne8 20. Ncd5 Bxd5 21. Nxd5 f5
22. Bxc5 bxc5 23. b6 fxe4 24. Ne7+ Kh8 25. b7 Nf6 26. Nc6 Qd7 27. b8=Q Qxc6 28.
Qbb7 Qxb7 29. Qxb7 exf3 30. Bxf3 e4 31. Bxe4 Nxe4 32. Qxe4 Bd4+ 33. Rxd4 cxd4
34. Qxd4+ 1-0

[Event "Detroit (MCO/2/10)"]
[Site "?"]
[Date "1990.??.??"]
[Round "?"]
[White "Eagle, Chris"]
[Black "Stancil, Rod"]
[Result "1-0"]
[WhiteElo "2100"]
[BlackElo "1770"]
[PlyCount "59"]
[EventDate "1990.??.??"]

{2/(10)} 1. d4 Nf6 2. c4 g6 3. Nc3 Bg7 4. e4 O-O 5. Be2 d6 6. Nf3 e5 7. O-O Nc6
8. d5 Ne7 9. Ne1 Ne8 10. f4 f5 11. Nd3 fxe4 12. Nxe4 exf4 13. Nxf4 Nf5 14. a4
Nf6 15. Ng5 Qe7 16. Nge6 Bxe6 17. Nxe6 Rfe8 18. Bd3 Nh6 19. Bg5 Nhg4 20. h3 h6
21. hxg4 hxg5 22. Bxg6 Rec8 23. Qf3 Bh8 24. Qf5 Rf8 25. Qxg5 Bg7 26. Qh4 Bh8
27. g5 Nd7 28. Nxf8 Nxf8 29. Bf7+ Kg7 30. Qh6# 1-0

[Event "Flint (MEX/2)"]
[Site "?"]
[Date "1990.??.??"]
[Round "?"]
[White "Eagle, Chris"]
[Black "Levine, H."]
[Result "1-0"]
[WhiteElo "2150"]
[BlackElo "2060"]
[PlyCount "51"]
[EventDate "1990.??.??"]

1. d4 Nf6 2. c4 g6 3. Nc3 d5 4. Nf3 Bg7 5. g3 O-O 6. Bg2 c6 7. O-O Bg4 8. Ne5
Bf5 9. cxd5 cxd5 10. Qb3 Nc6 11. Rd1 Na5 12. Qa4 Rc8 13. Bd2 b6 14. Rac1 Nc4
15. Nxc4 Rxc4 16. Qxa7 Rb4 17. b3 Rxd4 18. Be3 Rxd1+ 19. Rxd1 Qc8 20. Nxd5 Nxd5
21. Rxd5 Qc2 22. h3 Qxe2 23. Bxb6 Rc8 24. Bc5 Be6 25. Qxe7 Qxa2 26. Rd8+ 1-0

[Event "Detroit (RVO/4)"]
[Site "?"]
[Date "1990.??.??"]
[Round "?"]
[White "Eagle, Chris"]
[Black "Gawarecki, Leszek"]
[Result "1-0"]
[WhiteElo "2100"]
[BlackElo "1775"]
[PlyCount "55"]
[EventDate "1990.??.??"]

1. d4 Nf6 2. c4 g6 3. Nc3 Bg7 4. e4 d6 5. Be2 O-O 6. Nf3 e5 7. O-O Nbd7 8. Bg5
h6 9. Bh4 exd4 10. Nxd4 c6 11. Rb1 a5 12. f4 Qc7 13. Bf3 Nc5 14. Bf2 Re8 15.
Re1 h5 16. h3 Bd7 17. b3 Rad8 18. Qc2 Ne6 19. Nce2 Nc5 20. Nc3 Ne6 21. Nxe6
Bxe6 22. Rbd1 Bc8 23. Bh4 Rd7 24. f5 Nh7 25. fxg6 fxg6 26. e5 Bxe5 27. Qxg6+
Rg7 28. Qxe8+ 1-0

[Event "Flint (MEX/4)"]
[Site "?"]
[Date "1990.??.??"]
[Round "?"]
[White "Eagle, Chris"]
[Black "Duncan, Jack"]
[Result "1/2-1/2"]
[WhiteElo "2150"]
[BlackElo "2070"]
[PlyCount "68"]
[EventDate "1990.??.??"]

1. d4 Nf6 2. c4 e6 3. g3 d5 4. Nf3 Bb4+ 5. Nbd2 O-O 6. a3 Bd6 7. Bg2 Nbd7 8.
O-O c6 9. e4 Nxe4 10. Nxe4 dxe4 11. Ng5 Nf6 12. Nxe4 Nxe4 13. Bxe4 e5 14. d5 f5
15. Bg2 Bd7 16. dxc6 Bxc6 17. Bxc6 bxc6 18. b4 Qf6 19. Qh5 Qe6 20. Qe2 Qg6 21.
Kh1 Rae8 22. Rg1 e4 23. Be3 Qf7 24. Rad1 Re6 25. Bd4 Be5 26. Bxe5 Rxe5 27. Rd4
Rfe8 28. Rgd1 g5 29. Rd7 R8e7 30. Rxe7 Qxe7 31. Qd2 e3 32. fxe3 Rxe3 33. Qd8+
Kf7 34. Rd7 Re1+ 1/2-1/2

[Event "Detroit (MOR/5/52)"]
[Site "?"]
[Date "1990.??.??"]
[Round "?"]
[White "Dyer, Todd"]
[Black "Weber, K."]
[Result "1/2-1/2"]
[WhiteElo "1605"]
[BlackElo "1605"]
[PlyCount "86"]
[EventDate "1990.??.??"]

{5/(52)} 1. e4 e6 2. d4 d5 3. exd5 exd5 4. Nf3 c5 5. g3 Nc6 6. Bg2 Nf6 7. Nc3
Bg4 8. Be3 c4 9. O-O Be7 10. h3 Be6 11. Ng5 Qb6 12. b3 cxb3 13. axb3 a6 14. Re1
Bb4 15. Qd2 Rc8 16. Qd3 Bxc3 17. Qxc3 Ne7 18. Qd3 Bf5 19. Qe2 Rxc2 20. Bd2 Rc7
21. Bf4 Rd7 22. Qe5 Bg6 23. Qb8+ Rd8 24. Qe5 Qb4 25. Bd2 Qd6 26. Qxd6 Rxd6 27.
Bb4 Rd7 28. f4 h6 29. Nf3 Ne4 30. Nh4 f5 31. Nxg6 Nxg6 32. Rac1 Kd8 33. Ba5+
Ke7 34. h4 Kf6 35. h5 Ne7 36. Bxe4 dxe4 37. Rc7 Rhd8 38. Rxb7 Rxb7 39. Bxd8
Rxb3 40. Kf2 Ke6 41. Rd1 Kd7 42. Bxe7 Kxe7 43. Ra1 Rb6 1/2-1/2

[Event "Detroit (MOR/1b/26)"]
[Site "?"]
[Date "1990.??.??"]
[Round "?"]
[White "Dyer, Todd"]
[Black "Sunts, A."]
[Result "0-1"]
[WhiteElo "1605"]
[BlackElo "1605"]
[PlyCount "114"]
[EventDate "1990.??.??"]

1. e4 e5 2. Nf3 Nc6 3. Bc4 d6 4. h3 h6 5. Nc3 Be7 6. d4 exd4 7. Nxd4 Ne5 8. Bb3
Bd7 9. Bf4 c5 10. Nf3 Nxf3+ 11. Qxf3 Bf6 12. O-O Bc6 13. Rfe1 Ne7 14. Rad1 O-O
15. Bxd6 Qb6 16. Qe3 Bd4 17. Qd2 Ng6 18. Bxf8 Rxf8 19. Qc1 c4 20. Qd2 Bxc3 21.
Qxc3 cxb3 22. Qxb3 Qc7 23. Qe3 a6 24. g3 Re8 25. Qd4 Ne5 26. Kg2 Ng6 27. f3 h5
28. h4 Bb5 29. c3 Bc6 30. Qc5 Re5 31. Rd5 Qb8 32. Qd6 Qxd6 33. Rxd6 Ne7 34. Rd4
f5 35. Kh3 Kf7 36. Re3 g6 37. Kg2 Ke6 38. Kf2 Ng8 39. exf5+ gxf5 40. Rxe5+ Kxe5
41. f4+ Ke6 42. Ke3 Nf6 43. Rd1 Ng4+ 44. Kd4 Nf2 45. Re1+ Ne4 46. c4 Kf6 47.
Re3 Nd6 48. b4 Ne4 49. a3 Nd6 50. Kc5 Ne4+ 51. Kb6 Nd6 52. Rc3 Ke7 53. Ka5 Kd7
54. a4 Kc7 55. b5 b6+ 56. Kxa6 Bb7+ 57. Ka7 Nc8# 0-1

[Event "Detroit (MOR/2/53)"]
[Site "?"]
[Date "1990.??.??"]
[Round "?"]
[White "Dyer, Todd"]
[Black "Sujarit, T."]
[Result "1-0"]
[WhiteElo "1605"]
[BlackElo "1605"]
[PlyCount "97"]
[EventDate "1990.??.??"]

{2/(53)} 1. e4 e5 2. Nf3 Nc6 3. Bc4 Bc5 4. O-O Nf6 5. Nc3 O-O 6. d3 Nd4 7. Be3
Nxf3+ 8. Qxf3 Bxe3 9. fxe3 c6 10. Qg3 b5 11. Bb3 a5 12. a3 a4 13. Ba2 Qb6 14.
Rxf6 b4 15. axb4 Qxb4 16. Raf1 d5 17. exd5 a3 18. dxc6 Be6 19. Bxe6 fxe6 20.
Rxf8+ Rxf8 21. Rxf8+ Qxf8 22. bxa3 Qxa3 23. Qxe5 Qc1+ 24. Kf2 Qxc2+ 25. Kf3
Qxd3 26. Qb8+ Kf7 27. c7 Qf1+ 28. Ke4 Qxg2+ 29. Kd4 Qg4+ 30. Kd3 Qf5+ 31. e4
Qf3+ 32. Kd4 e5+ 33. Kc4 Qf1+ 34. Kb4 Qc1 35. c8=Q Qb2+ 36. Ka4 Qxb8 37. Qxb8
Kf6 38. Nd5+ Ke6 39. Qb6+ Kf7 40. Qc7+ Kg6 41. Qxe5 Kh6 42. Nf6 Kg6 43. Qf5+
Kf7 44. Nxh7+ Kg8 45. Qg6 Kh8 46. e5 Kg8 47. e6 Kh8 48. e7 Kg8 49. e8=Q# 1-0

[Event "Detroit (MOR/5/33)"]
[Site "?"]
[Date "1990.??.??"]
[Round "?"]
[White "Duweck, Mike"]
[Black "Sujarit, T."]
[Result "0-1"]
[WhiteElo "1605"]
[BlackElo "1605"]
[PlyCount "56"]
[EventDate "1990.??.??"]

{5/(33)} 1. d4 Nf6 2. c4 d5 3. Nc3 e6 4. Bg5 Nbd7 5. e3 h6 6. Bxf6 Nxf6 7. Bd3
Bb4 8. Nf3 Bxc3+ 9. bxc3 dxc4 10. Bxc4 O-O 11. Qd3 b6 12. Ne5 Bb7 13. O-O Nd5
14. f4 c5 15. f5 Qg5 16. Bxd5 Bxd5 17. e4 c4 18. Qe2 f6 19. exd5 fxe5 20. Qxe5
exd5 21. Qxd5+ Kh8 22. Qxc4 Qe3+ 23. Kh1 Rac8 24. Rae1 Qxe1 25. Rxe1 Rxc4 26.
Rd1 Rxc3 27. d5 Rxf5 28. d6 Rd3 0-1

[Event "Detroit (MOR/3/39)"]
[Site "?"]
[Date "1990.??.??"]
[Round "?"]
[White "Duweck, Mike"]
[Black "Krzyston, Joe"]
[Result "1-0"]
[WhiteElo "1605"]
[BlackElo "1605"]
[PlyCount "69"]
[EventDate "1990.??.??"]

{3/(39)} 1. d4 Nf6 2. c4 e6 3. Nc3 c6 4. Nf3 d5 5. cxd5 exd5 6. Bg5 Nbd7 7. e3
h6 8. Bh4 Be7 9. Bd3 O-O 10. O-O c5 11. Bc2 b6 12. dxc5 Nxc5 13. Rc1 Be6 14.
Nd4 Bg4 15. f3 Bh5 16. Nf5 Bg6 17. Qd4 Ne6 18. Nxe7+ Qxe7 19. Nxd5 Nxd4 20.
Nxe7+ Kh7 21. Bxg6+ fxg6 22. exd4 g5 23. Bg3 Rfe8 24. Rfe1 Rad8 25. Rcd1 Rd7
26. Nc6 Rxe1+ 27. Rxe1 Nd5 28. Bb8 a5 29. Re6 Nc7 30. Bxc7 Rxc7 31. d5 Rd7 32.
d6 h5 33. Ne5 Rd8 34. d7 Rb8 35. Re8 1-0

[Event "Detroit (MOR/1a/25)"]
[Site "?"]
[Date "1990.??.??"]
[Round "?"]
[White "Duweck, Mike"]
[Black "Genik, R."]
[Result "1-0"]
[WhiteElo "1605"]
[BlackElo "1605"]
[PlyCount "51"]
[EventDate "1990.??.??"]

1. d4 d5 2. c4 dxc4 3. Nf3 b5 4. Nc3 c6 5. Bf4 e6 6. e3 Bb4 7. a3 Ba5 8. Be2
Nf6 9. O-O O-O 10. Ne5 h6 11. h4 Bb7 12. g4 Bxc3 13. bxc3 Ne4 14. Qc2 f5 15. f3
g5 16. fxe4 gxf4 17. Ng6 Rf7 18. Rxf4 c5 19. exf5 exf5 20. Rxf5 Qc7 21. Ne5 Rg7
22. Raf1 Nd7 23. Rf7 Qd6 24. Rxg7+ Kxg7 25. Rf7+ Kg8 26. Qh7# 1-0

[Event "Flint (Class B/1)"]
[Site "?"]
[Date "1990.??.??"]
[Round "?"]
[White "Durkee, David"]
[Black "Jones, Linston"]
[Result "1-0"]
[WhiteElo "1780"]
[BlackElo "1695"]
[PlyCount "115"]
[EventDate "1990.??.??"]

1. d4 Nf6 2. c4 e6 3. Nc3 c5 4. d5 d6 5. e4 b6 6. Nf3 Nbd7 7. Bf4 e5 8. Bg5 Be7
9. Bd3 a6 10. O-O h6 11. Bd2 O-O 12. Ne2 Ne8 13. Ng3 Ndf6 14. h3 Nh7 15. Qc1
Bd7 16. Nh2 b5 17. f4 exf4 18. Bxf4 Bg5 19. Qc2 Bxf4 20. Rxf4 Qg5 21. Rf3 b4
22. e5 g6 23. exd6 Nxd6 24. Ne4 Nxe4 25. Bxe4 Nf6 26. Bd3 Kg7 27. Qf2 Rac8 28.
Re1 Nh7 29. Rg3 Qf6 30. Qxf6+ Nxf6 31. Rge3 Rfe8 32. Nf3 Rxe3 33. Rxe3 a5 34.
Kf2 Kf8 35. Nd2 g5 36. Ke2 a4 37. Ne4 Nxe4 38. Bxe4 Re8 39. Kd3 Re5 40. g4 Ke7
41. Rf3 Be8 42. b3 axb3 43. axb3 Bd7 44. Rf2 Kf8 45. Rf6 Kg7 46. Ra6 Re8 47.
Ra7 h5 48. Rxd7 hxg4 49. hxg4 Rh8 50. Ke3 Rc8 51. d6 Kf6 52. Rc7 Rd8 53. d7 Rh8
54. Rc8 Rh3+ 55. Bf3 Ke5 56. Re8+ Kf6 57. d8=Q+ Kg7 58. Qxg5+ 1-0

[Event "Flint (Class B/5)"]
[Site "?"]
[Date "1990.??.??"]
[Round "?"]
[White "Durkee, David"]
[Black "Hawley, T."]
[Result "0-1"]
[WhiteElo "1780"]
[BlackElo "1715"]
[PlyCount "72"]
[EventDate "1990.??.??"]

1. d4 f5 2. c4 Nf6 3. Nc3 g6 4. Nf3 Bg7 5. e3 O-O 6. Bd3 b6 7. Bd2 Bb7 8. Qe2
d6 9. d5 h6 10. Nd4 Qd7 11. Ne6 Rf7 12. h3 c6 13. g4 cxd5 14. Nxg7 dxc4 15.
Bxc4 Bxh1 16. Be6 Qb7 17. Nxf5 gxf5 18. gxf5 Nbd7 19. O-O-O Bf3 20. Rg1+ Kf8
21. Qc4 Rg7 22. Rxg7 Kxg7 23. Qh4 Rh8 24. Qg3+ Kf8 25. Qh4 Ne5 26. e4 Bh5 27.
Nd5 Nf3 28. Qf4 Qc6+ 29. Bc3 Qc4 30. Nxf6 Qf1+ 31. Kc2 Qxf2+ 32. Kc1 Qf1+ 33.
Kc2 Ne1+ 34. Bxe1 Qxf4 35. Nxh5 Qxe4+ 36. Kd1 Qf3+ 0-1

[Event "Flint (MEX/2)"]
[Site "?"]
[Date "1990.??.??"]
[Round "?"]
[White "Duncan, Jack"]
[Black "Rogers, Bradley"]
[Result "1/2-1/2"]
[WhiteElo "2070"]
[BlackElo "2230"]
[PlyCount "102"]
[EventDate "1990.??.??"]

1. e4 e6 2. d4 d5 3. Nd2 Nf6 4. e5 Nfd7 5. Bd3 c5 6. c3 Nc6 7. Ne2 Qb6 8. Nf3
cxd4 9. cxd4 f6 10. exf6 Nxf6 11. O-O Bd6 12. b3 O-O 13. Bb2 Bd7 14. Rc1 Rae8
15. h3 Ne7 16. Re1 Nf5 17. Qd2 Ne4 18. Bxe4 dxe4 19. Ne5 Bxe5 20. dxe5 e3 21.
fxe3 Qxe3+ 22. Qxe3 Nxe3 23. Bd4 Nd5 24. Bxa7 Ra8 25. Bc5 Rf5 26. Nd4 Rg5 27.
Nf3 Rg6 28. Rf1 Bc6 29. Nd4 Bd7 30. Rf3 h6 31. a4 Rc8 32. Ba3 Rxc1+ 33. Bxc1
Nb4 34. Kh2 Nc6 35. Nxc6 Bxc6 36. Rf2 h5 37. g3 Be4 38. b4 Bf5 39. h4 Rg4 40.
Bf4 g5 41. hxg5 h4 42. gxh4 Rxh4+ 43. Kg1 Be4 44. Kf1 Rh3 45. a5 Rb3 46. Bd2
Kg7 47. Rf6 Bd5 48. Ke2 Bc4+ 49. Kd1 Rg3 50. Kc2 Bb3+ 51. Kb1 Bd5 1/2-1/2

[Event "Flint (MEX/3)"]
[Site "?"]
[Date "1990.??.??"]
[Round "?"]
[White "Duncan, Jack"]
[Black "Hahn, David"]
[Result "0-1"]
[WhiteElo "2070"]
[BlackElo "2220"]
[PlyCount "72"]
[EventDate "1990.??.??"]

1. e4 g6 2. d4 Bg7 3. Nf3 d6 4. Bc4 c6 5. O-O Nf6 6. e5 Nd5 7. h3 O-O 8. Bd2
Na6 9. Nc3 Nxc3 10. Bxc3 Nc7 11. Qe2 Be6 12. Ba5 b6 13. Bd2 c5 14. Bxe6 Nxe6
15. d5 Nd4 16. Nxd4 cxd4 17. e6 f5 18. Qd3 Rc8 19. Rac1 Rc5 20. c4 dxc3 21.
bxc3 Qc7 22. Rc2 Rc8 23. Rfc1 Rc4 24. Rb1 a6 25. Kf1 b5 26. a3 Bxc3 27. Rbc1
Bg7 28. Rxc4 bxc4 29. Qb1 c3 30. Qb3 Qc5 31. Ke2 Qd4 32. Be3 Qe4 33. Kf1 f4 34.
Ba7 f3 35. g3 Bh6 36. Re1 Qxe1+ 0-1

[Event "Lansing (MI Am/2/29)"]
[Site "?"]
[Date "1990.??.??"]
[Round "?"]
[White "Duckles, E."]
[Black "Wolak, K."]
[Result "1-0"]
[WhiteElo "1940"]
[BlackElo "1605"]
[PlyCount "115"]
[EventDate "1990.??.??"]

{2/(29)} 1. d4 d5 2. c4 Nf6 3. cxd5 e6 4. Nc3 exd5 5. Bg5 Be7 6. e3 Bf5 7. Qb3
Nbd7 8. Bxf6 Nxf6 9. Qxb7 Rb8 10. Bb5+ Bd7 11. Bxd7+ Nxd7 12. Qxd5 Rxb2 13.
Nge2 O-O 14. O-O Bb4 15. a3 Bxc3 16. Nxc3 Nb6 17. Qxd8 Rxd8 18. Rfb1 Nc4 19.
Rxb2 Nxb2 20. Rb1 Nc4 21. a4 a6 22. Rb7 Rc8 23. Nd5 Kf8 24. Nxc7 Nd6 25. Ra7
Ne8 26. Rxa6 Rxc7 27. g3 Rc1+ 28. Kg2 Nc7 29. Ra7 Ke7 30. d5 Kd6 31. e4 Rc3 32.
g4 f6 33. a5 Ke5 34. a6 Kxe4 35. d6 Nb5 36. Re7+ Kf4 37. a7 Nxa7 38. Rxa7 Rc8
39. Rxg7 f5 40. gxf5 Kxf5 41. Rxh7 Ke6 42. d7 Rd8 43. h4 Rxd7 44. Rxd7 Kxd7 45.
Kg3 Ke6 46. Kf4 Kf6 47. f3 Kg6 48. Ke5 Kh5 49. Ke6 Kxh4 50. f4 Kh5 51. f5 Kh6
52. f6 Kh7 53. Ke7 Kg8 54. f7+ Kh7 55. f8=Q Kg6 56. Qf6+ Kh7 57. Qg5 Kh8 58.
Kf7 1-0